Discursos leídos ante la Academia de Ciencias Exactas, Físicas y Naturales, en la recepción pública del señor D. Ildefonso Sierra y Orantes. (Record no. 165337)

MARC details
000 -LEADER
campo de control de longitud fija 01281nam a2200253 i 4500
001 - NÚMERO DE CONTROL
campo de control 165337
003 - IDENTIFICADOR DE NÚMERO DE CONTROL
campo de control ES-MaACL
005 - FECHA Y HORA DE LA ÚLTIMA TRANSACCIÓN
campo de control 20250928114843.0
008 - DATOS DE LONGITUD FIJA--INFORMACIÓN GENERAL
campo de control de longitud fija 991209s1869 sp |||| | spa d
080 ## - NÚMERO DE LA CLASIFICACIÓN DECIMAL UNIVERSAL
Número de la Clasificación Decimal Universal 53
245 00 - MENCIÓN DEL TÍTULO
Título Discursos leídos ante la Academia de Ciencias Exactas, Físicas y Naturales, en la recepción pública del señor D. Ildefonso Sierra y Orantes.
260 ## - PUBLICACIÓN, DISTRIBUCIÓN, ETC.
Lugar de publicación, distribución, etc. Madrid :
Nombre del editor, distribuidor, etc. [s.n.],
Fecha de publicación, distribución, etc. 1869 (
Fabricante Imp. de la Viuda de Aguado e Hijo)
300 ## - DESCRIPCIÓN FÍSICA
Extensión 63 p. ;
Dimensiones 25 cm.
530 ## - NOTA DISPONIBLE DE FORMULARIO FÍSICO ADICIONAL
Nota de formato físico adicional disponible Disponible en formato digital.
594 ## - Nota al título y mención de responsabilidad
Nota al título y mención de responsabilidad Tema del discurso: Los llamados fluidos imponderables, y aplicación del análisis matemático al estudio de la física.
594 ## - Nota al título y mención de responsabilidad
Nota al título y mención de responsabilidad Recoge el discurso de Ildefonso Sierra y Orantes, y el discurso de contestación del marqués del Socorro (p. [55]-63)
650 #7 - PUNTO DE ACCESO ADICIONAL DE MATERIA--TÉRMINO DE MATERIA
Término de materia o nombre geográfico como elemento de entrada Física
Fuente del encabezamiento o término embne
9 (RLIN) 12877
700 1# - ENTRADA AGREGADA--NOMBRE PERSONAL
Nombre de persona Sierra y Orantes, Ildefonso.
9 (RLIN) 132720
700 1# - ENTRADA AGREGADA--NOMBRE PERSONAL
Nombre de persona Solano de la Matalinares, José,
Títulos y otros términos asociados al nombre Marqués del Socorro,
Fechas asociadas al nombre 1802-1882
9 (RLIN) 132793
710 2# - ENTRADA AGREGADA--NOMBRE DE ENTIDAD CORPORATIVA
Nombre de entidad corporativa o nombre de jurisdicción como elemento de entrada Real Academia de Ciencias Exactas, Físicas y Naturales de España.
9 (RLIN) 175635
852 4# - LOCALIZACIÓN
Ubicación ES-MaACL
Número de control de estantería T-97-F-8
Nota libre - Enc hol.
-- - Enc. en un vol. facticio
856 4# - LOCALIZACIÓN Y ACCESO ELECTRÓNICOS
Identificador Uniforme de Recursos <a href="http://bdh-rd.bne.es/viewer.vm?id=0000090026&page=1 ">http://bdh-rd.bne.es/viewer.vm?id=0000090026&page=1 </a>
Nota pública Biblioteca Digital Hispánica
Holdings
Estatus retirado Estado de pérdida Estado de daño No para préstamo Colección Biblioteca de origen Biblioteca actual Ubicación en estantería Fecha de adquisición Total de préstamos Signatura topográfica completa Código de barras Visto por última vez Precio de reemplazo Tipo de ítem Koha
        Colección de folletos Biblioteca del Ateneo de Madrid Biblioteca del Ateneo de Madrid Depósito folletos 17/01/2008   T-97-F-8 1173372 23/02/2023 23/02/2023 Folleto